000 00355cam a22001217a 4500
008 180718b1966 xxu||||| |||| 00| 0 eng d
082 _aA99 Si 64/P886
100 _aPrasad, Rajiva Nain
245 _aRaja Man Singh of Amber
_cby Rajiva Nain Prasad
260 _aCalcutta
_bThe world
_c1966
300 _a196p
650 _aMan Singh, Raja of Amber, 1550-1614.
999 _c416013
_d416013